Les divisions du territoire par départements - Statistiques

Statistiques générales
  • Ce quiz a été pris 67 fois
    13 depuis la dernière actualisation
  • Le résultat moyen est 385 sur 498
Statistiques - réponses
Département Division % Correct
14 | 76 Académie {Normandie}
100%
Région {Auvergne-Rhône-Alpes}
100%
Région {Bretagne}
100%
Région {Centre-Val-de-Loire}
100%
Région {Grand Est}
100%
Région {Ile-de-France}
100%
Région {Normandie}
100%
Région {Nouvelle-Aquitaine}
100%
Région {Occitanie}
100%
Région {Provence-Alpes-Côte d'Azur}
100%
Zone téléphonique {01}
100%
24 | 33 | 40 | +2 others Académie {Bordeaux}
89%
03 | 15 | 43 | 63 Académie {Clermont-Ferrand}
89%
21 | 58 | 71 Académie {Dijon}
89%
07 | 26 | 38 | +2 others Académie {Grenoble}
89%
11 | 30 | 34 | +2 others Académie {Montpellier}
89%
44 | 49 | 53 | +2 others Académie {Nantes}
89%
06 | 83 Académie {Nice}
89%
75 Académie {Paris}
89%
08 | 10 | 51 | 52 Académie {Reims}
89%
22 | 29 | 35 | 56 Académie {Rennes}
89%
67 | 68 Académie {Strasbourg}
89%
Diocèse {Bordeaux}
89%
Diocèse {Clermont}
89%
Diocèse {Dijon}
89%
Diocèse {La Rochelle}
89%
Diocèse {Marseille}
89%
Diocèse {Metz}
89%
Diocèse {Montpellier}
89%
Diocèse {Nancy}
89%
Diocèse {Nantes}
89%
Diocèse {Nice}
89%
Diocèse {Orléans}
89%
Diocèse {Paris}
89%
Diocèse {Reims}
89%
Diocèse {Rennes}
89%
Diocèse {Strasbourg}
89%
Région {Bourgogne-Franche-Comté}
89%
Région {Hauts-de-France}
89%
Région {Pays-de-la-Loire}
89%
Zone de défense {Paris}
89%
Zone téléphonique {02}
89%
Zone téléphonique {03}
89%
Zone téléphonique {04}
89%
Zone téléphonique {05}
89%
02 | 60 | 80 Académie {Amiens}
78%
2A | 2B Académie {Corse}
78%
59 | 62 Académie {Lille}
78%
19 | 23 | 87 Académie {Limoges}
78%
01 | 42 | 69 | 89 Académie {Lyon}
78%
16 | 17 | 79 | 86 Académie {Poitiers}
78%
27 Académie {Rouen}
78%
09 | 12 | 31 | +5 others Académie {Toulouse}
78%
78 | 91 | 92 | 95 Académie {Versailles}
78%
Diocèse {Agen}
78%
Diocèse {Ajaccio}
78%
Diocèse {Amiens}
78%
Diocèse {Angers}
78%
Diocèse {Chartres}
78%
Diocèse {Lille}
78%
Diocèse {Limoges}
78%
Diocèse {Lyon}
78%
Diocèse {Nîmes}
78%
Diocèse {Poitiers}
78%
Diocèse {Quimper}
78%
Diocèse {Rouen}
78%
Diocèse {Saint-Etienne}
78%
Diocèse {Toulouse}
78%
Diocèse {Tours}
78%
Diocèse {Valence}
78%
Diocèse {Versailles}
78%
Région {Corse}
78%
Zone de défense {Est}
78%
Zone de défense {Nord}
78%
Zone de défense {Ouest}
78%
Zone de défense {Sud}
78%
25 | 39 | 70 | 90 Académie {Besançon}
67%
77 | 93 | 94 Académie {Créteil}
67%
Diocèse {Aix}
67%
Diocèse {Bayonne}
67%
Diocèse {Besançon}
67%
Diocèse {Blois}
67%
Diocèse {Bourges}
67%
Diocèse {Cahors}
67%
Diocèse {Créteil}
67%
Diocèse {Evreux}
67%
Diocèse {Laval}
67%
Diocèse {Moulins}
67%
Diocèse {Nanterre}
67%
Diocèse {Nevers}
67%
Diocèse {Verdun}
67%
50 | 61 Académie {Caen}
56%
Diocèse {Arras}
56%
Diocèse {Avignon}
56%
972 Diocèse {Fort-de-France}
56%
Diocèse {Le Mans}
56%
Diocèse {Le Puy-en-Velay}
56%
Diocèse {Mende}
56%
Diocèse {Montauban}
56%
Diocèse {Périgueux}
56%
Diocèse {Rodez}
56%
Diocèse {Saint-Brieuc}
56%
Diocèse {Saint-Denis}
56%
Diocèse {Soissons}
56%
Diocèse {Troyes}
56%
Diocèse {Tulle}
56%
Diocèse {Vannes}
56%
Zone de défense {Sud-est}
56%
Zone de défense {Sud-ouest}
56%
Diocèse {Albi}
44%
Diocèse {Angoulême}
44%
Diocèse {Annecy}
44%
Diocèse {Auch}
44%
Diocèse {Bayeux}
44%
973 Diocèse {Cayenne}
44%
Diocèse {Châlons-en-Champagne}
44%
Diocèse {Digne}
44%
Diocèse {Pamiers}
44%
Diocèse {Saint-Flour}
44%
Diocèse {Sens}
44%
04 | 05 | 13 | 84 Académie {Aix-Marseille}
33%
54 | 55 | 57 | 88 Académie {Nancy-Metz}
33%
18 | 28 | 36 | +3 others Académie {Orléans-Tours}
33%
971 Diocèse {Basse-Terre}
33%
Diocèse {Beauvais}
33%
Diocèse {Cambrai}
33%
Diocèse {Carcassonne} et {Narbonne}
33%
Diocèse {Coutances}
33%
Diocèse {Evry} et {Corbeil-Essonne}
33%
Diocèse {Grenoble} et {Vienne}
33%
Diocèse {Langres}
33%
Diocèse {Meaux}
33%
Diocèse {Pontoise}
33%
Diocèse {Saint-Dié}
33%
Diocèse {Tarbes} et {Lourdes}
33%
Zone de défense {Antilles}
33%
Zone de défense {Guyane}
33%
Diocèse {Autun}
22%
2 Diocèse {Belfort} et {Montbéliard}
22%
Diocèse {Fréjus} et {Toulon}
22%
Diocèse {Le Havre}
22%
Diocèse {Luçon}
22%
Diocèse {Perpignan} et {Elne}
22%
Diocèse {Saint-Claude}
22%
974 Diocèse {Saint-Denis-de-la-Réunion}
22%
Diocèse {Séez}
22%
Diocèse {Viviers}
22%
Diocèse {Aire} et {Dax}
11%
Diocèse {Belley-Ars}
11%
Diocèse {Chambéry}, {Maurienne} et {Tarentaise}
11%
Diocèse {Gap} et {Embrun}
11%
976 Diocèse {Comores}
0%
Zone de défense {Sud de l'océan indien}
0%
Aucun quiz correspondant
Distribution des résultats
% des personnes avec chaque résultat
Percentile par nombre de réponses
Votre historique - résultats
Vous n’avez pas pris ce quiz depuis la dernière actualisation